[Event "3rd Al Ain Chess Classic"]
[Site "Al-Ain UAE"]
[Date "2014.12.20"]
[Round "2.52"]
[White "ALTaher, Saeed Tarek"]
[Black "Raja, Harshit"]
[Result "0-1"]
[WhiteElo "1437"]
[BlackElo "2116"]
[WhiteFideId "9304045"]
[BlackFideId "5089000"]
[EventDate "2014.12.19"]

1. e4 c5 2. Nf3 d6 3. d4 cxd4 4. Nxd4 Nf6 5. Nc3 a6 6. f3 e5 7. Nb3 Be6 8. Be3
Be7 9. Be2 O-O 10. g4 d5 11. exd5 Nxd5 12. Nxd5 Bxd5 13. Bb6 Qxb6 14. Qxd5 Bh4+
15. Kf1 Qf2# 0-1

[Event "3rd Al Ain Chess Classic"]
[Site "Al-Ain UAE"]
[Date "2014.12.20"]
[Round "2.53"]
[White "Pujari, Rucha"]
[Black "Mohamed, Marshool"]
[Result "1-0"]
[WhiteTitle "WFM"]
[WhiteElo "2109"]
[BlackElo "1518"]
[WhiteFideId "5024528"]
[BlackFideId "9306552"]
[EventDate "2014.12.19"]

1. d4 d6 2. Nf3 Nf6 3. c4 Nbd7 4. Nc3 e5 5. d5 Be7 6. g3 c6 7. Bg2 Qc7 8. O-O
O-O 9. e4 Re8 10. h3 Bf8 11. Be3 a6 12. Rc1 Rb8 13. Qd2 c5 14. a4 Nb6 15. b3 Bd7
16. Nh4 Nc8 17. Nf5 Ne7 18. g4 b5 19. axb5 axb5 20. Ng3 b4 21. Nce2 Ra8 22. g5
Nfxd5 23. exd5 Nf5 24. Nxf5 Bxf5 25. Ng3 Bd7 26. f4 Ra3 27. Rb1 exf4 28. Bxf4
Rea8 29. Qf2 Be8 30. Bc1 Ra2 31. Bb2 Qe7 32. h4 Qd7 33. Qf4 R8a7 34. Ne4 Be7 35.
Rf2 Bf8 36. Rbf1 Qd8 37. h5 Be7 38. h6 g6 39. Nf6+ Bxf6 40. Bxf6 Rxf2 41. Qxf2
Qd7 42. Re1 Qc8 43. Qb2 Qg4 44. Rxe8# 1-0

[Event "3rd Al Ain Chess Classic"]
[Site "Al-Ain UAE"]
[Date "2014.12.20"]
[Round "2.54"]
[White "Al Amoudy, Saif"]
[Black "Praggnanandhaa, R"]
[Result "0-1"]
[BlackTitle "FM"]
[WhiteElo "1421"]
[BlackElo "2104"]
[WhiteFideId "9308610"]
[BlackFideId "25059530"]
[EventDate "2014.12.19"]

1. d4 d5 2. Nf3 Nf6 3. g3 e6 4. Bg2 Be7 5. O-O O-O 6. c4 dxc4 7. Ne5 c5 8. dxc5
Qc7 9. Nxc4 Bxc5 10. Qc2 Nc6 11. Nc3 Nd4 12. Qb1 Bb4 13. Qd3 e5 14. Rd1 Bf5 15.
e4 Bg4 16. Re1 Rfd8 17. Qb1 Qxc4 18. h3 Bxh3 19. Be3 Bxc3 20. bxc3 Ne2+ 21. Kh2
Bxg2 22. Kxg2 Nxc3 0-1

[Event "3rd Al Ain Chess Classic"]
[Site "Al-Ain UAE"]
[Date "2014.12.20"]
[Round "2.55"]
[White "Safarov, Zirva"]
[Black "Mosallam, Mohammad"]
[Result "1-0"]
[WhiteElo "2104"]
[BlackElo "1486"]
[WhiteFideId "13413040"]
[BlackFideId "9308709"]
[EventDate "2014.12.19"]

1. Nf3 d5 2. c4 e6 3. g3 Nf6 4. Bg2 Be7 5. cxd5 exd5 6. d4 O-O 7. O-O b6 8. Bg5
Nbd7 9. Nc3 Bb7 10. e3 h6 11. Bxf6 Nxf6 12. Qe2 Qc8 13. Rfd1 Qf5 14. Rac1 Rfd8
15. a3 c5 16. Ne5 Rac8 17. Qf1 Qh7 18. Nd3 cxd4 19. exd4 Ne4 20. Nxe4 Rxc1 21.
Rxc1 dxe4 22. Ne5 Rxd4 23. Rc7 Bd6 24. Rxb7 Bxe5 25. Qb5 Qf5 26. Qe2 Ra4 27. Re7
Kf8 28. Bh3 Qf6 29. Rb7 Bxb2 30. Rb8+ Ke7 31. Qc2 Qd4 32. Qc7+ Kf6 33. Qf4+ Ke7
34. Rb7+ 1-0

[Event "3rd Al Ain Chess Classic"]
[Site "Al-Ain UAE"]
[Date "2014.12.20"]
[Round "2.56"]
[White "Bunyatov, Rustam"]
[Black "Harikrishnan, Samyuktha"]
[Result "1-0"]
[WhiteTitle "CM"]
[WhiteElo "2077"]
[BlackElo "1452"]
[WhiteFideId "13410210"]
[BlackFideId "25076140"]
[EventDate "2014.12.19"]

1. c4 Nf6 2. g3 e6 3. Bg2 d5 4. Nf3 Be7 5. O-O O-O 6. b3 Nbd7 7. Bb2 b6 8. d3
Bb7 9. Nbd2 c5 10. Re1 d4 11. b4 Re8 12. bxc5 bxc5 13. Nb3 Qc7 14. Qd2 a5 15.
Rab1 a4 16. Na1 Bd8 17. Nc2 Qc8 18. Rec1 Bc6 19. Na3 Ba5 20. Qd1 Rb8 21. Nb5
Bxb5 22. cxb5 Rxb5 23. Nxd4 Rb4 24. Nc6 Rb6 25. Nxa5 Qa6 26. Nc4 Rb5 27. Bxf6
Nxf6 28. Rxb5 Qxb5 29. Nd6 Qd7 30. Nxe8 Nxe8 31. Rxc5 g6 32. Rc4 a3 33. Bc6 Qe7
34. Bxe8 Qxe8 35. Qc1 Kg7 36. Qc3+ e5 37. Rc5 Qd7 38. Qxe5+ Kg8 39. Rb5 f6 40.
Qb8+ Kg7 41. Rb7 Qxb7 42. Qxb7+ 1-0

[Event "3rd Al Ain Chess Classic"]
[Site "Al-Ain UAE"]
[Date "2014.12.20"]
[Round "2.57"]
[White "Al Shamisi, Hareb Nasser"]
[Black "Sultan, Ibrahim"]
[Result "0-1"]
[BlackTitle "FM"]
[WhiteElo "1389"]
[BlackElo "2062"]
[WhiteFideId "9308067"]
[BlackFideId "9301143"]
[EventDate "2014.12.19"]

1. e4 c5 2. Nf3 e6 3. d4 cxd4 4. Nxd4 Nf6 5. Nc3 Nc6 6. Be3 Bb4 7. f3 d5 8. Bd3
Nxd4 9. Bxd4 dxe4 10. Bb5+ Nd7 11. fxe4 Qh4+ 12. Bf2 Qxe4+ 13. Be2 Qxg2 14. Rg1
Qc6 15. Qd4 Bxc3+ 16. bxc3 e5 17. Qd3 O-O 18. O-O-O Re8 19. Bf3 Qf6 20. Qe4 Nf8
21. Bh4 Qf5 22. Qe3 Be6 23. Kb1 Bxa2+ 24. Kxa2 Qxc2+ 25. Ka1 Re6 26. Be2 Qa4+
27. Kb1 Rb6+ 28. Kc1 Qa2 29. Rxg7+ Kxg7 30. Qxe5+ Kg8 31. Bd3 Qb2# 0-1

[Event "3rd Al Ain Chess Classic"]
[Site "Al-Ain UAE"]
[Date "2014.12.20"]
[Round "2.58"]
[White "Mokal, Amruta Sunil"]
[Black "Ali, M Alkindi"]
[Result "1/2-1/2"]
[WhiteElo "2054"]
[BlackElo "1443"]
[WhiteFideId "5016371"]
[BlackFideId "9312293"]
[EventDate "2014.12.19"]

1. e4 c5 2. Nf3 Nc6 3. d4 cxd4 4. Nxd4 e5 5. Nb5 a6 6. N5c3 Bb4 7. Bc4 Nf6 8.
O-O b5 9. Bd5 O-O 10. a4 Bxc3 11. bxc3 Bb7 12. Bg5 h6 13. Bh4 g5 14. Bg3 d6 15.
h4 Nxd5 16. Qxd5 gxh4 17. Bh2 Qd7 18. Qd3 bxa4 19. Nd2 Kh7 20. Nc4 Rad8 21. Rad1
h3 22. Qxh3 Qxh3 23. gxh3 Rg8+ 24. Bg3 d5 25. Rxd5 Rxd5 26. exd5 Ne7 27. Nxe5
Nxd5 28. Nxf7 Nxc3 29. Nd6 Be4 30. Nxe4 Nxe4 31. Ra1 Nxg3 32. fxg3 Rxg3+ 33. Kf2
Rc3 34. Rxa4 Rxc2+ 35. Kf3 Rc6 36. Kg4 Kg6 37. h4 h5+ 38. Kf4 Kf6 39. Ra5 Kg6
40. Rg5+ Kh6 41. Ra5 Rb6 42. Kf3 1/2-1/2

[Event "3rd Al Ain Chess Classic"]
[Site "Al-Ain UAE"]
[Date "2014.12.20"]
[Round "2.60"]
[White "Rashid, Shaeri"]
[Black "Abtini, Hasan"]
[Result "0-1"]
[WhiteElo "1377"]
[BlackElo "1987"]
[WhiteFideId "9308113"]
[BlackFideId "7601506"]
[EventDate "2014.12.19"]

1. e4 c5 2. Nf3 e6 3. d4 cxd4 4. Nxd4 a6 5. Bd3 Nf6 6. Nc3 Qc7 7. Qe2 d6 8. Bd2
Be7 9. O-O-O b5 10. f4 Nbd7 11. Rde1 Bb7 12. Rhg1 Nc5 13. e5 Nfd7 14. exd6 Bxd6
15. Nf5 Bf8 16. Be3 O-O-O 17. Ng3 Nxd3+ 18. Qxd3 Nf6 19. Qe2 Bb4 20. Bd2 Rd4 21.
Qe5 Qd7 22. Be3 Bxc3 23. bxc3 Rd5 24. Rd1 Rxe5 25. Rxd7 Rxe3 26. Rxf7 Rxc3 27.
Rxg7 Rc4 28. Re7 Re8 29. Rxe8+ Nxe8 30. Re1 Ng7 31. Re2 Rxf4 32. Kd2 Bd5 33. a3
Ra4 34. Re3 Bxg2 35. Rc3+ Kb7 36. Rc5 Rxa3 37. Kc1 Rf3 38. Kd2 Nf5 39. Nxf5 Rxf5
40. Rxf5 exf5 41. Kc3 Kc6 42. Kb4 Kb6 0-1

[Event "3rd Al Ain Chess Classic"]
[Site "Al-Ain UAE"]
[Date "2014.12.20"]
[Round "2.61"]
[White "Derakhshani, Borna"]
[Black "Haitham, Alkindi"]
[Result "1-0"]
[WhiteTitle "CM"]
[WhiteElo "1979"]
[BlackElo "1402"]
[WhiteFideId "12518450"]
[BlackFideId "9312455"]
[EventDate "2014.12.19"]

1. e4 c5 2. Nf3 Nc6 3. d4 cxd4 4. Nxd4 e5 5. Nb5 a6 6. N5a3 Nf6 7. Bc4 Be7 8.
O-O O-O 9. Bd5 Nxd5 10. exd5 Na7 11. d6 Bf6 12. c4 Nc6 13. Be3 e4 14. Nc3 Bxc3
15. bxc3 f5 16. f4 b6 17. Rb1 Rb8 18. Qb3 Kh8 19. Bxb6 Qf6 20. Rfd1 e3 21. Qc2
e2 22. Qxe2 Qxc3 23. Rb3 Qf6 24. Bc5 Rxb3 25. axb3 Bb7 26. Nc2 Qc3 27. Rd3 Qf6
28. Nd4 Nxd4 29. Bxd4 Qf7 30. Rg3 Rg8 31. Qe7 1-0

[Event "3rd Al Ain Chess Classic"]
[Site "Al-Ain UAE"]
[Date "2014.12.20"]
[Round "2.62"]
[White "Khalifah, Khaled"]
[Black "Amer, Mohammed Bishara"]
[Result "0-1"]
[WhiteElo "1340"]
[BlackElo "1955"]
[WhiteFideId "9312552"]
[BlackFideId "12200719"]
[EventDate "2014.12.19"]

1. d4 d5 2. Bf4 Nf6 3. Nf3 Bf5 4. e3 c6 5. c3 e6 6. Nbd2 Be7 7. h3 O-O 8. Be2
Qb6 9. Qb3 Nbd7 10. O-O c5 11. c4 Qxb3 12. axb3 a6 13. Ne5 Nxe5 14. Bxe5 Nd7 15.
Bf4 Rac8 16. Bf3 Nb6 17. Be2 Rfd8 18. Nf3 Bc2 19. cxd5 exd5 20. Bd1 Be4 21. Rc1
cxd4 22. Rxc8 Rxc8 23. Nxd4 g5 24. Bh2 Bf6 25. Kh1 Bxd4 26. exd4 0-1

[Event "3rd Al Ain Chess Classic"]
[Site "Al-Ain UAE"]
[Date "2014.12.20"]
[Round "2.63"]
[White "Elmejbri, Ali A."]
[Black "Hamad Essam"]
[Result "1-0"]
[WhiteTitle "FM"]
[WhiteElo "1954"]
[BlackElo "1383"]
[WhiteFideId "9200398"]
[BlackFideId "9313397"]
[EventDate "2014.12.19"]

1. e4 e5 2. f4 d5 3. exd5 e4 4. Nc3 Nf6 5. d3 Bb4 6. Bd2 Bxc3 7. Bxc3 exd3 8.
Bxf6 Qxf6 9. Bxd3 O-O 10. Ne2 Bg4 11. O-O Nd7 12. c3 Rfe8 13. Qc2 Nc5 14. Ng3
Nxd3 15. Qxd3 Qb6+ 16. Kh1 Re3 17. Qd4 Rae8 18. Qxb6 axb6 19. c4 h5 20. Rfc1 h4
21. Nf1 h3 22. Nxe3 Rxe3 23. Re1 hxg2+ 24. Kxg2 Rd3 25. Re7 Rd2+ 26. Kg3 Be2 27.
Rxc7 Rxb2 28. d6 Rd2 29. d7 Kh7 30. Re1 1-0

[Event "3rd Al Ain Chess Classic"]
[Site "Al-Ain UAE"]
[Date "2014.12.20"]
[Round "2.64"]
[White "Almajbari, Abdalla Ali"]
[Black "Alur Varun"]
[Result "0-1"]
[WhiteElo "1942"]
[BlackElo "1350"]
[WhiteFideId "9205314"]
[BlackFideId "46649123"]
[EventDate "2014.12.19"]

1. g3 e5 2. e4 Nf6 3. Bg2 Nc6 4. Nc3 Bc5 5. d3 h6 6. a3 d6 7. Be3 Bb6 8. Nf3 Be6
9. O-O Qd7 10. Nb5 Bg4 11. d4 O-O 12. d5 Ne7 13. Qe2 Bxe3 14. fxe3 Nxe4 15. Qc4
Bxf3 16. Qxc7 Qxc7 17. Nxc7 Bxg2 18. Kxg2 Rac8 19. Nb5 a6 20. Kf3 Nd2+ 21. Ke2
Nxf1 22. Kxf1 axb5 0-1

[Event "3rd Al Ain Chess Classic"]
[Site "Al-Ain UAE"]
[Date "2014.12.20"]
[Round "2.65"]
[White "Khaled Tarek AlTaher"]
[Black "Rafee, Mohd Hayel"]
[Result "0-1"]
[WhiteElo "1286"]
[BlackElo "1931"]
[WhiteFideId "9307575"]
[BlackFideId "7603126"]
[EventDate "2014.12.19"]

1. e4 g6 2. Nf3 Bg7 3. d4 Nf6 4. Nc3 O-O 5. Bc4 c6 6. Bf4 b5 7. Bb3 b4 8. Ne2
Nxe4 9. Qd3 Nf6 10. Qc4 Nd5 11. Be5 Ba6 12. Qc5 d6 13. Bxg7 Kxg7 14. Qxd5 cxd5
15. Bxd5 Nd7 16. Bxa8 Qxa8 17. Nf4 Qe4+ 18. Ne2 Qxe2# 0-1

[Event "3rd Al Ain Chess Classic"]
[Site "Al-Ain UAE"]
[Date "2014.12.20"]
[Round "2.66"]
[White "Walid, Anwar"]
[Black "Orujova, Najiba"]
[Result "1-0"]
[WhiteElo "1919"]
[BlackElo "1332"]
[WhiteFideId "9302271"]
[BlackFideId "13415913"]
[EventDate "2014.12.19"]

1. d4 d5 2. c4 e6 3. Nf3 Nf6 4. Bg5 c6 5. Nc3 Nbd7 6. e3 Qa5 7. Nd2 Bb4 8. Qc2
h6 9. Bh4 Bxc3 10. bxc3 Qc7 11. Be2 O-O 12. O-O Re8 13. Bg3 Qd8 14. cxd5 exd5
15. c4 Qe7 16. Bf3 a6 17. Rab1 Nf8 18. cxd5 cxd5 19. Rfc1 Qd7 20. Rb6 Re6 21.
Qb3 Rxb6 22. Qxb6 Ne6 23. Be5 Ne8 24. Nb3 Kh8 25. Nc5 Nxc5 26. Rxc5 Qe6 27. Qd8
Kh7 28. Bxd5 Qd7 29. Qb6 Qe7 30. h3 f6 31. Bg3 Kh8 32. Rc3 Kh7 33. Qb1+ Kh8 34.
Qg6 f5 35. Be5 Qf8 36. Qxh6# 1-0

[Event "3rd Al Ain Chess Classic"]
[Site "Al-Ain UAE"]
[Date "2014.12.20"]
[Round "2.67"]
[White "Alali, Ali"]
[Black "Ahmadzada, Ahmad"]
[Result "0-1"]
[BlackTitle "CM"]
[WhiteElo "1230"]
[BlackElo "1912"]
[WhiteFideId "9309063"]
[BlackFideId "13413007"]
[EventDate "2014.12.19"]

1. e4 c5 2. Nf3 e6 3. d4 cxd4 4. Nxd4 Nf6 5. Nc3 d6 6. Bg5 Be7 7. Be2 O-O 8. O-O
a6 9. Re1 Nc6 10. Bf1 Qc7 11. Nf3 b5 12. a3 Bb7 13. Nd2 h6 14. Bh4 Rad8 15. Re2
d5 16. Bg3 Qb6 17. Qe1 Nd4 18. Rc1 Nxe2+ 19. Qxe2 Nxe4 20. Ncxe4 dxe4 21. Nxe4
f5 22. Nc3 f4 23. Bxf4 Rxf4 24. g3 Rxf2 25. Qxf2 Bc5 26. Qxc5 Qxc5# 0-1

[Event "3rd Al Ain Chess Classic"]
[Site "Al-Ain UAE"]
[Date "2014.12.20"]
[Round "2.68"]
[White "Suhail, Sokari"]
[Black "Singh Gurmeher"]
[Result "1-0"]
[WhiteElo "1912"]
[BlackElo "1243"]
[WhiteFideId "7604530"]
[BlackFideId "25089455"]
[EventDate "2014.12.19"]

1. d4 d5 2. c4 e6 3. Nf3 f5 4. Nc3 c6 5. Bg5 Be7 6. Bxe7 Qxe7 7. e3 Nf6 8. c5
Nbd7 9. Bd3 Ne4 10. Rc1 O-O 11. O-O Rf6 12. g3 Rh6 13. h4 e5 14. Ne2 exd4 15.
exd4 Ndf6 16. Kg2 Ng4 17. Qe1 Be6 18. Nf4 Re8 19. Bxe4 fxe4 20. Ng5 Bf5 21. Qe2
Rf6 22. Rce1 h6 23. Ngh3 Bh7 24. Qxg4 b6 25. b4 Bf5 26. Qe2 Qd7 27. Qe3 Bxh3+
28. Nxh3 Rf3 29. Qc1 Qg4 30. Ng1 Rd3 31. cxb6 axb6 32. Qxc6 Rxd4 33. Qxe8+ Kh7
34. Re2 Rxb4 35. f3 exf3+ 36. Rxf3 d4 37. Rf8 d3 38. Rh8# 1-0

[Event "3rd Al Ain Chess Classic"]
[Site "Al-Ain UAE"]
[Date "2014.12.20"]
[Round "2.69"]
[White "Sidharth Balaji Sridharan"]
[Black "Ahmed, Fareed"]
[Result "0-1"]
[WhiteElo "1114"]
[BlackElo "1911"]
[WhiteFideId "45002789"]
[BlackFideId "9303677"]
[EventDate "2014.12.19"]

1. e4 e5 2. Nf3 Nc6 3. d4 exd4 4. Bc4 Nf6 5. e5 d5 6. Bb5 Ne4 7. Nxd4 Bd7 8.
Bxc6 bxc6 9. O-O Bc5 10. f3 Ng5 11. f4 Ne4 12. Be3 O-O 13. Nc3 Nxc3 14. bxc3 Qe7
15. Qf3 Bb6 16. Rae1 c5 17. Nb3 Bb5 18. Rf2 Rad8 19. Qg3 Rfe8 20. f5 Qxe5 21.
Qg4 Qxc3 22. Qd1 Rxe3 23. Rxe3 Qxe3 24. Nd2 c4 0-1

[Event "3rd Al Ain Chess Classic"]
[Site "Al-Ain UAE"]
[Date "2014.12.20"]
[Round "2.70"]
[White "Ahadzade, Kanan"]
[Black "Al Ali, Hamad"]
[Result "1-0"]
[WhiteElo "1909"]
[BlackElo "1219"]
[WhiteFideId "13405640"]
[BlackFideId "9310711"]
[EventDate "2014.12.19"]

1. e4 e5 2. Nc3 Nf6 3. g3 Bc5 4. Bg2 Nc6 5. Nge2 d6 6. O-O O-O 7. d3 Be6 8. h3
d5 9. exd5 Nxd5 10. Kh2 f5 11. f4 exf4 12. Nxf4 Nxf4 13. Bxf4 Bd6 14. Qe1 Re8
15. Qf2 Bxf4 16. Qxf4 Qd4 17. Qxc7 Re7 18. Qf4 Qd7 19. Rae1 Nd4 20. Nd5 Bxd5 21.
Bxd5+ Ne6 22. Rxe6 Rxe6 23. Qxf5 Re8 24. Re1 Kh8 25. Rxe6 Rxe6 26. Qxe6 1-0

[Event "3rd Al Ain Chess Classic"]
[Site "Al-Ain UAE"]
[Date "2014.12.20"]
[Round "3.1"]
[White "Kryvoruchko, Yuriy"]
[Black "Ter-Sahakyan, Samvel"]
[Result "1-0"]
[WhiteTitle "GM"]
[BlackTitle "GM"]
[WhiteElo "2671"]
[BlackElo "2580"]
[WhiteFideId "14109182"]
[BlackFideId "13302531"]
[EventDate "2014.12.19"]

1. e4 c5 2. Nf3 d6 3. Bb5+ Bd7 4. Bxd7+ Qxd7 5. c4 Nc6 6. Nc3 g6 7. d4 cxd4 8.
Nxd4 Bg7 9. Be3 Nf6 10. f3 O-O 11. O-O e6 12. Qd2 Rfc8 13. b3 d5 14. exd5 exd5
15. c5 Ne8 16. Rad1 Nc7 17. Bf2 Rd8 18. Rfe1 Nxd4 19. Bxd4 Bxd4+ 20. Qxd4 Qc6
21. Re7 Rac8 22. b4 Re8 23. Rxc7 Rxc7 24. Nxd5 Rd7 25. Nf6+ Qxf6 26. Qxd7 Qe5
27. h3 Qe2 28. Kh2 a6 29. Rd5 Re7 30. Qg4 Qxa2 31. Qd4 Qe2 32. f4 Qe6 33. Rd6
Qe1 34. Qf6 Qxb4 35. Rd8+ 1-0

[Event "3rd Al Ain Chess Classic"]
[Site "Al-Ain UAE"]
[Date "2014.12.20"]
[Round "3.2"]
[White "Paichadze, Luka"]
[Black "Kuzubov, Yuriy"]
[Result "0-1"]
[WhiteTitle "GM"]
[BlackTitle "GM"]
[WhiteElo "2561"]
[BlackElo "2701"]
[WhiteFideId "13602934"]
[BlackFideId "14112906"]
[EventDate "2014.12.19"]

1. e4 e6 2. Nf3 d5 3. exd5 exd5 4. d4 Nf6 5. Bd3 Bd6 6. O-O O-O 7. Bg5 Bg4 8.
Nbd2 Re8 9. c3 Nbd7 10. Qb3 c5 11. Qxb7 c4 12. Bb1 Rb8 13. Qa6 Re6 14. Qa4 h6
15. Be3 Rxb2 16. h3 Bxf3 17. Nxf3 Rxe3 18. fxe3 Qe7 19. Re1 Bg3 20. Bf5 Nb6 21.
Qc6 g6 22. Bxg6 fxg6 23. Ne5 Bxe5 24. dxe5 Qxe5 25. Rf1 Nbd7 26. Rf3 Kg7 27.
Raf1 h5 28. Qa6 Qg5 29. g3 Kh6 30. Qd6 Ne4 31. Qc7 h4 32. Qc8 Nef6 33. g4 Qe5
34. R1f2 Rxf2 35. Kxf2 Ne4+ 36. Kg1 Ng5 0-1

[Event "3rd Al Ain Chess Classic"]
[Site "Al-Ain UAE"]
[Date "2014.12.20"]
[Round "3.3"]
[White "Zhigalko, Sergei"]
[Black "Gasanov, Eldar"]
[Result "1-0"]
[WhiteTitle "GM"]
[BlackTitle "GM"]
[WhiteElo "2672"]
[BlackElo "2526"]
[WhiteFideId "13502956"]
[BlackFideId "14104466"]
[EventDate "2014.12.19"]

1. e4 e5 2. Nf3 Nc6 3. Bc4 Bc5 4. O-O Nf6 5. d3 d6 6. c3 Bb6 7. Bb3 h6 8. Nbd2
a6 9. Nc4 Ba7 10. Be3 O-O 11. Bxa7 Rxa7 12. Re1 Ra8 13. d4 exd4 14. Nxd4 Nxd4
15. Qxd4 Be6 16. Rad1 Re8 17. f3 Nd7 18. Ne3 Bxb3 19. axb3 a5 20. Nf5 Qf6 21.
Ra1 Ra6 22. Qa4 Qd8 23. Qd4 Qf6 24. Ne3 Kf8 25. Nd5 Qd8 26. b4 axb4 27. Rxa6
bxa6 28. Qxb4 Qa8 29. Ra1 Rb8 30. Qc4 Qa7+ 31. Qd4 Qxd4+ 32. cxd4 c6 33. Ne3
Rxb2 34. Rxa6 Nb6 35. Ra7 g6 36. Rc7 Rb1+ 37. Kf2 Rc1 38. d5 c5 39. Rc6 Nd7 40.
Rxd6 Ne5 41. f4 Nd3+ 42. Kf3 c4 43. Rc6 c3 44. d6 Ke8 45. e5 c2 46. Rc8+ Kd7 47.
Rc7+ Kd8 48. g3 h5 49. Nxc2 Rxc2 50. Rxf7 Nc5 51. Rg7 Rxh2 52. Rxg6 Kd7 53. Rg7+
Ke6 54. Rh7 Nb3 55. Rh6+ Kd7 56. Ke4 Kc6 57. Rh7 Re2+ 58. Kf5 Nd4+ 59. Kf6 Re3
60. Rc7+ Kb6 61. Rc8 Rd3 62. d7 Nc6 63. e6 Kb7 64. f5 Rd5 65. Rxc6 Kxc6 66. Ke7
Kc7 67. f6 1-0

[Event "3rd Al Ain Chess Classic"]
[Site "Al-Ain UAE"]
[Date "2014.12.20"]
[Round "3.4"]
[White "Nigalidze, Gaioz"]
[Black "Areshchenko, Alexander"]
[Result "1-0"]
[WhiteTitle "GM"]
[BlackTitle "GM"]
[WhiteElo "2536"]
[BlackElo "2666"]
[WhiteFideId "13603078"]
[BlackFideId "14109530"]
[EventDate "2014.12.19"]

1. d4 Nf6 2. c4 g6 3. f3 d5 4. cxd5 Nxd5 5. e4 Nb6 6. Nc3 Bg7 7. Be3 O-O 8. Qd2
Nc6 9. O-O-O Qd6 10. Nb5 Qd7 11. Bh6 Bxh6 12. Qxh6 a6 13. Nc3 Nxd4 14. f4 f6 15.
Nf3 c5 16. h4 e5 17. h5 Qg7 18. hxg6 hxg6 19. Qh4 Be6 20. fxe5 fxe5 21. Nxe5
Rad8 22. Rd3 g5 23. Qh5 Rf4 24. Rg3 g4 25. Nd3 Rf6 26. Nxc5 Bf7 27. Qxg4 Rg6 28.
Qh4 Rc8 29. Rgh3 Bxa2 30. Qh8+ Kf7 31. Qxg7+ Kxg7 32. Nxb7 Bg8 33. e5 Re8 34.
Re3 Rg5 35. Nd6 Rexe5 36. Rxe5 Rxe5 37. Bxa6 Ra5 38. Bd3 Rg5 39. Be4 Nb3+ 40.
Kd1 Nc5 41. Bf3 Nca4 42. Kc1 Nc5 43. Nde4 Nb3+ 44. Kc2 Nd4+ 45. Kd3 Nxf3 46.
gxf3 Rg2 47. b4 Kg6 48. Nd2 Kf5 49. Rh5+ Kg6 50. Rc5 Nd7 51. Rc7 Ne5+ 52. Ke3
Kf5 53. Nce4 Rg1 54. Rc5 Ke6 55. Kd4 Nd7 56. Rc7 Bh7 57. Nc5+ Nxc5 58. Kxc5 Bd3
59. Kd4 Bb5 60. Rc5 Bd7 61. Re5+ Kd6 62. Nc4+ Kc7 63. Kc5 Rf1 64. Re7 Kd8 65.
Rf7 Rc1 66. Rf6 Ke7 67. Rf4 Rb1 68. Ne5 Ba4 69. Nc6+ Kd7 70. Kb6 Kd6 71. Rd4+
Ke6 72. f4 Kf5 73. Ne7+ Ke6 74. Nd5 Bb3 75. Ne3 Ba4 76. Kc5 Rb3 77. Rd6+ Kf7 78.
Nd5 Rb2 79. Rf6+ Kg7 80. Rb6 Rc2+ 81. Kd6 Rd2 82. Ke5 Re2+ 83. Kd6 Bb3 84. Rc6
Rb2 85. Nc3 Bd1 86. Nxd1 1-0

[Event "3rd Al Ain Chess Classic"]
[Site "Al-Ain UAE"]
[Date "2014.12.20"]
[Round "3.5"]
[White "Rahman, Ziaur"]
[Black "Petrosian, Tigran L."]
[Result "0-1"]
[WhiteTitle "GM"]
[BlackTitle "GM"]
[WhiteElo "2511"]
[BlackElo "2651"]
[WhiteFideId "10200037"]
[BlackFideId "13301616"]
[EventDate "2014.12.19"]

1. d4 d6 2. e4 Nf6 3. Nc3 g6 4. Nf3 Bg7 5. Be2 O-O 6. O-O c6 7. a4 Qc7 8. Bg5 h6
9. Be3 e5 10. dxe5 dxe5 11. Bc4 Qe7 12. h3 Nbd7 13. Qc1 Kh7 14. b3 Nb6 15. Bd3
Nh5 16. a5 Nd7 17. Re1 Re8 18. Na4 Nf8 19. Bc4 Ne6 20. Bxe6 Qxe6 21. Rb1 f5 22.
Bd2 Qf7 23. Bc3 Nf4 24. Nd2 g5 25. Re3 g4 26. hxg4 fxg4 27. Nc4 Qh5 28. Qe1 Be6
29. Nc5 Bxc4 30. bxc4 b6 31. Nd3 Rab8 32. axb6 axb6 33. Nxf4 exf4 34. Rd3 Rb7
35. Rbd1 Rbe7 36. Bxg7 Rxe4 37. Qc3 g3 38. fxg3 fxg3 39. Bd4 c5 40. Be3 Rxe3 41.
Rd7+ R8e7 42. Rxe7+ Rxe7 43. Qd3+ Kh8 44. Qc3+ Qe5 45. Qf3 Kg7 46. Qg4+ Kh7 47.
Rf1 Qe3+ 48. Kh1 Qf2 49. Qd1 Qe2 50. Qd3+ Qxd3 51. cxd3 Re3 52. Rd1 Kg6 53. Kg1
Kf5 54. Kf1 Ke5 55. Rb1 Kd4 56. Rxb6 h5 57. Rh6 0-1

[Event "3rd Al Ain Chess Classic"]
[Site "Al-Ain UAE"]
[Date "2014.12.20"]
[Round "3.6"]
[White "Abasov, Nijat"]
[Black "Shankland, Samuel L"]
[Result "1/2-1/2"]
[WhiteTitle "GM"]
[BlackTitle "GM"]
[WhiteElo "2509"]
[BlackElo "2642"]
[WhiteFideId "13402960"]
[BlackFideId "2004887"]
[EventDate "2014.12.19"]

1. c4 c6 2. Nc3 d5 3. d4 Nf6 4. cxd5 cxd5 5. Bf4 Nc6 6. e3 Bf5 7. Qb3 Na5 8.
Bb5+ Bd7 9. Qa4 Nc6 10. Nf3 e6 11. O-O a6 12. Be2 Be7 13. h3 O-O 14. a3 b5 15.
Qc2 Rc8 16. Rac1 Ne4 17. Qb1 f5 18. Bh2 Qb6 19. Nxe4 fxe4 20. Ne5 Nxe5 21. Bxe5
b4 22. axb4 Bxb4 23. Rxc8 Rxc8 24. Rc1 Rxc1+ 25. Qxc1 a5 1/2-1/2

[Event "3rd Al Ain Chess Classic"]
[Site "Al-Ain UAE"]
[Date "2014.12.20"]
[Round "3.7"]
[White "Grover, Sahaj"]
[Black "Vidit, Santosh Gujrathi"]
[Result "1/2-1/2"]
[WhiteTitle "GM"]
[BlackTitle "GM"]
[WhiteElo "2505"]
[BlackElo "2625"]
[WhiteFideId "5021103"]
[BlackFideId "5029465"]
[EventDate "2014.12.19"]

1. e4 e6 2. d4 d5 3. Nc3 Bb4 4. exd5 exd5 5. Bd3 Nc6 6. Nf3 Nge7 7. O-O Bg4 8.
a3 Bd6 9. h3 Bxf3 10. Qxf3 Nxd4 11. Qg4 Ne6 12. Nb5 O-O 13. Re1 a6 14. Nxd6 Qxd6
15. b4 Rae8 16. Bb2 f5 17. Qh5 Nf4 18. Qg5 d4 19. Bc4+ Kh8 20. Rad1 h6 21. Qg3
Nc6 22. Bc1 g5 23. h4 Ne5 24. hxg5 hxg5 25. Bb3 Qh6 26. f3 Neg6 27. Bb2 Qh4 28.
Qf2 Kh7 29. Bxd4 Rxe1+ 30. Qxe1 Qxe1+ 31. Rxe1 Rd8 32. c3 Nh4 33. Re7+ Kh6 34.
Kf2 Nhxg2 35. Rxc7 Nh4 36. Rxb7 Nd3+ 37. Ke3 Ne1 38. Rb6+ Kh7 39. Rb7+ Kh6 40.
Rb6+ Kh7 41. f4 g4 42. Rb7+ Kh6 43. Bg7+ Kg6 44. Be5 Nef3 45. Rb6+ Kh7 46. Rb7+
Kg6 47. Rb6+ Kh7 48. Rb7+ 1/2-1/2